| 000 | 00395nam a22001457a 4500 | ||
|---|---|---|---|
| 082 | _aP-4 | ||
| 100 |
_aAbrar Ahmed _947674 |
||
| 245 |
_aLightweight concrete _cAbrar Ahmed, Adil Obaid, Hassan Askari, Irfan Haider, Farooq Haider, Arshad Mehmood |
||
| 260 |
_aMCE _bMCE |
||
| 300 | _a82 p.: | ||
| 526 |
_a0 _b0 _c0 _dP_4 |
||
| 650 | _aProject | ||
| 700 |
_aUmar Farooq _915376 |
||
| 942 |
_2ddc _cBK |
||
| 999 |
_c550842 _d550842 |
||